Рентгенометрический определитель минералов / (Record no. 407642)
[ view plain ]
| 000 -LEADER | |
|---|---|
| fixed length control field | 00806nam a22002177a 4500 |
| 003 - CONTROL NUMBER IDENTIFIER | |
| control field | AM-YeHGA |
| 005 - DATE AND TIME OF LATEST TRANSACTION | |
| control field | 20250617154231.0 |
| 008 - FIXED-LENGTH DATA ELEMENTS--GENERAL INFORMATION | |
| fixed length control field | 180220s xxu||||| |||| 00| 0 rus d |
| 040 ## - CATALOGING SOURCE | |
| Original cataloging agency | AM-YeHGA |
| 041 0# - LANGUAGE CODE | |
| Language code of text/sound track or separate title | rus |
| 090 ## - LOCALLY ASSIGNED LC-TYPE CALL NUMBER (OCLC); LOCAL CALL NUMBER (RLIN) | |
| -- | 409909 |
| 245 00 - TITLE STATEMENT | |
| Title | Рентгенометрический определитель минералов / |
| Statement of responsibility, etc. | Сост. В.И. Михеев, Э.П. Сальдау; Под ред. И.В. Михеевой. |
| 260 ## - PUBLICATION, DISTRIBUTION, ETC. | |
| Place of publication, distribution, etc. | Ленинград : |
| Name of publisher, distributor, etc. | Недра, |
| 300 ## - PHYSICAL DESCRIPTION | |
| Extent | том |
| 505 10 - FORMATTED CONTENTS NOTE | |
| Miscellaneous information | Т. 1 (1957; 868 с.) |
| -- | Т. 2 (1965, 363 с.) |
| 653 0# - INDEX TERM--UNCONTROLLED | |
| Uncontrolled term | Минералы - Определители |
| 700 1# - ADDED ENTRY--PERSONAL NAME | |
| Personal name | Михеев, В.И. |
| Relator term | сост. |
| Relationship | com |
| 700 1# - ADDED ENTRY--PERSONAL NAME | |
| Personal name | Сальдау, Э.П. |
| Relator term | сост. |
| Relationship | com |
| 700 1# - ADDED ENTRY--PERSONAL NAME | |
| Personal name | Михеева, И.В. |
| Relator term | ред. |
| Relationship | edt |
| 942 ## - ADDED ENTRY ELEMENTS (KOHA) | |
| Source of classification or shelving scheme | Universal Decimal Classification |
| Koha item type | Գրքեր / Books |
| Withdrawn status | Lost status | Damaged status | Not for loan | Collection | Home library | Current library | Date acquired | Serial enumeration / chronology | Total checkouts | Full call number | Barcode | Date last seen | Price effective from | Koha item type | Public note |
|---|---|---|---|---|---|---|---|---|---|---|---|---|---|---|---|
| General | Fundamental Scientific Library | Fundamental Scientific Library | 29/06/2018 | Т. 1 | РД III/9590 | FL0503993 | 29/06/2018 | 29/06/2018 | Գրքեր / Books | 30 Days Loan |
ՀՀ Գիտությունների ազգային ակադեմիայի հիմնարար գիտական գրադարան = Fundamental Scientific Library of NAS RA
All site content, except where otherwise noted, is licensed under a